Global networks, linked cities

Saved in:
Bibliographic Details
Main Author: Sassen, Saskia (Author)
Format: Book
Language:English
Published: Nueva York Routledge 2002
Edition:1a. ed
Subjects:
Tags: Add Tag
No Tags, Be the first to tag this record!

MARC

LEADER 00000cam a2200000 a 4500
001 UCC7841
003 CL-VaPUC
008 190510e20020000us |||||||||||||||||eng|d
020 |a 0415931630 
082 0 4 |a 303.4  |b SAS  |2 21 
100 0 |a Sassen, Saskia  |e author  |9 602578 
245 1 0 |a Global networks, linked cities 
250 |a 1a. ed 
300 |a 368 p 
942 |c BK 
945 |d 20190510 15:30:00  |a dcastane 
260 |a Nueva York  |b Routledge  |c 2002 
650 0 |a Economía urbana   |9 320848 
650 0 |a Globalización  |9 361930 
583 |a last modification  |c 20190510 15:30:00  |k Rodrigo Vera 
999 |c 374390  |d 374388 
952 |0 0  |1 0  |3 erb  |4 0  |6 303_400000000000000_SAS_2002  |7 0  |8 A  |9 492901  |a BIBING  |b BIBING  |i 5547016  |o 303.4 SAS 2002  |p 5547016  |r 2025-01-20  |w 2019-11-24  |y BK  |z Catalogado en:20190510  |k GEO